000 00554nam a2200193Ia 4500
005 20250326144846.0
008 250326s9999 xx 000 0 und d
020 _a1-56327-300-4
037 _aTextbook
040 _aFMSL
_beng
_cFMSL
041 _aeng
_2eng
084 _aX:8 P6
_qFMSL
100 _aHino Satoshi
_9750211
245 0 _aInside th mind of Toyota : manament principles for enduring growth
_cHino Satoshi
260 _aNY
_bNY, Productivity
_c2006
300 _axxiv,327
942 _cTB
_hX:8 P6
999 _c1305339
_d1305339